[Event "Lezajsk Merlin-B 1st"]
[Site "Lezajsk"]
[Date "2021.08.10"]
[Round "9"]
[White "Kielb, Miroslaw"]
[Black "Socha, Krzysztof1111"]
[Result "0-1"]
[WhiteElo "1351"]
[BlackElo "1633"]
[PlyCount "100"]
[EventDate "2021.08.04"]
[EventType "tourn"]
[EventRounds "9"]
[EventCountry "POL"]
[SourceTitle "EXT 2023"]
[Source "ChessBase"]
[SourceDate "2022.10.05"]
[SourceVersion "1"]
[SourceVersionDate "2022.10.05"]
[SourceQuality "1"]

1. d4 Nf6 2. c4 e5 3. dxe5 Ng4 4. Bf4 Nc6 5. Nf3 Bb4+ 6. Nc3 Qe7 7. Qd5 f6 8. exf6 Nxf6 9. Qd3 0-0 10. e3 d6 11. Be2 g6 12. Bg5 Bf5 13. Bxf6 Rxf6 14. Qd2 Raf8 15. 0-0 Bxc3 16. Qxc3 Be4 17. Qd2 Rxf3 18. gxf3 Qg5+ 19. Kh1 Rxf3 20. Bd3 Rxf2+ 21. Bxe4 Rxd2 22. Bd5+ Kg7 23. Rf7+ Kh6 24. Rg1 Qh4 25. Rg2 Rxg2 26. Kxg2 Qg5+ 27. Kf2 Ne5 28. Rf8 Qh4+ 29. Kg2 Qe1 30. Bxb7 Qxe3 31. Bd5 c6 32. Be6 Qe4+ 33. Kg3 Nxc4 34. Bxc4 Qxc4 35. b3 Qc2 36. Rf2 Qc3+ 37. Rf3 Qe5+ 38. Kg2 g5 39. Rh3+ Kg6 40. Rg3 h5 41. h4 g4 42. Kf2 Qf4+ 43. Kg2 Qd2+ 44. Kg1 Kf5 45. a4 Kf4 46. Rg2 Qe1+ 47. Kh2 g3+ 48. Rxg3 Qxg3+ 49. Kh1 Kf3 50. b4 Qg2# 0-1

[Event "Lezajsk Merlin-B 1st"]
[Site "Lezajsk"]
[Date "2021.08.08"]
[Round "6"]
[White "Kielb, Miroslaw"]
[Black "Owoc, Jakub"]
[Result "0-1"]
[WhiteElo "1351"]
[BlackElo "1768"]
[PlyCount "120"]
[EventDate "2021.08.04"]
[EventType "tourn"]
[EventRounds "9"]
[EventCountry "POL"]
[SourceTitle "EXT 2023"]
[Source "ChessBase"]
[SourceDate "2022.10.05"]
[SourceVersion "1"]
[SourceVersionDate "2022.10.05"]
[SourceQuality "1"]

1. d4 Nf6 2. c4 g6 3. Nf3 Bg7 4. Nc3 0-0 5. e4 d6 6. Be2 e5 7. d5 Na6 8. 0-0 Nc5 9. Qc2 a5 10. a4 Ng4 11. h3 Nh6 12. Be3 f5 13. Bxc5 dxc5 14. Bd3 Ra6 15. Rfe1 f4 16. Be2 g5 17. Rad1 Rg6 18. d6 cxd6 19. Nd5 Nf7 20. Nh2 Be6 21. Bh5 Rh6 22. Qe2 Qd7 23. Ng4 Bxg4 24. Bxg4 Qe8 25. b3 Nd8 26. Qd2 Nc6 27. Nc7 Qe7 28. Qd5+ Kh8 29. Ne6 Rff6 30. Nxg5 Nb4 31. Qd2 Bf8 32. Bf5 Rxf5 33. exf5 Qxg5 34. Qc3 Qxf5 35. Qf3 Rg6 36. Kf1 Nc2 37. Qxb7 Nxe1 38. Rxe1 f3 39. Qxf3 Qxf3 40. gxf3 Kg7 41. Re4 Kf6 42. Rh4 h6 43. f4 Be7 44. fxe5+ dxe5 45. Re4 Kf5 46. Re1 Rb6 47. Re3 Bg5 48. Rd3 Kf4 49. Rd5 Rxb3 50. Rxc5 Kf3 51. Rxe5 Rb1+ 52. Re1 Rb2 53. Re5 Rxf2+ 54. Ke1 Rc2 55. Rf5+ Bf4 56. Rxf4+ Kxf4 57. Kd1 Rxc4 58. h4 Ke3 59. h5 Rc5 60. Ke1 Rc1# 0-1

[Event "Lezajsk Merlin-B 1st"]
[Site "Lezajsk"]
[Date "2021.08.04"]
[Round "1"]
[White "Lachut, Tomasz"]
[Black "Kielb, Miroslaw"]
[Result "0-1"]
[WhiteElo "1395"]
[BlackElo "1351"]
[PlyCount "118"]
[EventDate "2021.08.04"]
[EventType "tourn"]
[EventRounds "9"]
[EventCountry "POL"]
[SourceTitle "EXT 2023"]
[Source "ChessBase"]
[SourceDate "2022.10.05"]
[SourceVersion "1"]
[SourceVersionDate "2022.10.05"]
[SourceQuality "1"]

1. e4 e5 2. Nf3 Nc6 3. Bb5 a6 4. Ba4 Nf6 5. 0-0 b5 6. Bb3 Bc5 7. d3 h6 8. a4 Bb7 9. axb5 axb5 10. Rxa8 Bxa8 11. Nc3 b4 12. Ne2 0-0 13. Be3 Bxe3 14. fxe3 d5 15. exd5 Nxd5 16. Qd2 Qd6 17. Ng3 Nde7 18. Qf2 Kh8 19. Ne4 Qd7 20. Nh4 f5 21. Nc5 Qd6 22. e4 f4 23. Ne6 Rf6 24. g3 g5 25. Ng2 Rxe6 26. Bxe6 Qxe6 27. gxf4 gxf4 28. Nxf4 exf4 29. Qxf4 Ne5 30. Qf8+ Qg8+ 31. Qxg8+ Kxg8 32. Rf6 Kg7 33. Ra6 Bc6 34. Ra7 b3 35. cxb3 Nxd3 36. Rxc7 Kf6 37. Ra7 Bxe4 38. b4 Nxb4 39. Ra4 Ned5 40. Kf2 Kf5 41. Kg3 Nd3 42. Kh4 N5f4 43. Ra5+ Ne5 44. b4 Bf3 45. Kg3 Bd5 46. Kh4 Ke4 47. Ra6 Nf3+ 48. Kg3 Nd4 49. Kg4 h5+ 50. Kg5 Nf3+ 51. Kf6 Nxh2 52. b5 h4 53. Ra4+ Kf3 54. Kf5 Ng2 55. Kg5 h3 56. Ra3+ Ne3 57. Rxe3+ Kxe3 58. Kh4 Be6 59. Kg3 Nf1+ 0-1